El administrador del centro educativo / (Record no. 12141)

MARC details
000 -LEADER
campo de control de longitud fija 00996nam a2200277 i 4500
001 - NÚMERO DE CONTROL
campo de control 12141
003 - IDENTIFICADOR DE NÚMERO DE CONTROL
campo de control ES-MaACL
005 - FECHA Y HORA DE LA ÚLTIMA TRANSACCIÓN
campo de control 20230906150241.0
007 - CAMPO FIJO DE DESCRIPCIÓN FÍSICA--INFORMACIÓN GENERAL
campo de control de longitud fija t|
008 - DATOS DE LONGITUD FIJA--INFORMACIÓN GENERAL
campo de control de longitud fija 970416s1995 sp ||||1| spa d
020 ## - NÚMERO INTERNACIONAL ESTÁNDAR DEL LIBRO
Número Internacional Estándar del Libro 84-600-9130-9
080 ## - NÚMERO DE LA CLASIFICACIÓN DECIMAL UNIVERSAL
Número de la Clasificación Decimal Universal 371.215
100 1# - ENTRADA PRINCIPAL--NOMBRE DE PERSONA
Nombre de persona Carnicero Duque, Paulino.
9 (RLIN) 35381
245 13 - MENCIÓN DEL TÍTULO
Título El administrador del centro educativo /
Mención de responsabilidad, etc. Paulino Carnicero Duque, Joaquín Gairín Sallán.
250 ## - MENCION DE EDICION
Mención de edición 1ª ed.
260 ## - PUBLICACIÓN, DISTRIBUCIÓN, ETC.
Lugar de publicación, distribución, etc. Madrid :
Nombre del editor, distribuidor, etc. Consejo General de Colegios de Economistas de España :
-- Ministerio de Educación y Ciencia,
Fecha de publicación, distribución, etc. 1995.
300 ## - DESCRIPCIÓN FÍSICA
Extensión 274 p. ;
Dimensiones 29 cm.
490 1# - MENCIÓN DE SERIE
Mención de serie Ecos-M ;
Designación de volumen o secuencia 5
650 14 - PUNTO DE ACCESO ADICIONAL DE MATERIA--TÉRMINO DE MATERIA
Término de materia o nombre geográfico como elemento de entrada Centros docentes-
Subdivisión general Administración.
9 (RLIN) 10885
700 1# - ENTRADA AGREGADA--NOMBRE PERSONAL
Nombre de persona Gairín Sallán, Joaquín.
9 (RLIN) 53264
710 2# - ENTRADA AGREGADA--NOMBRE DE ENTIDAD CORPORATIVA
Nombre de entidad corporativa o nombre de jurisdicción como elemento de entrada Consejo General de Colegios de Economistas de España (
Sede del congreso/Lugar de la reunión Madrid)
9 (RLIN) 3212
710 1# - ENTRADA AGREGADA--NOMBRE DE ENTIDAD CORPORATIVA
Nombre de entidad corporativa o nombre de jurisdicción como elemento de entrada España.
Unidad subordinada Ministerio de Educación y Ciencia.
9 (RLIN) 3864
830 0# - PUNTO DE ACCESO ADICIONAL DE SERIE-TÍTULO UNIFORME
Título uniforme Ecos-M ;
Designación de volumen o secuencia 5
9 (RLIN) 228252
852 ## - LOCALIZACIÓN
Ubicación ES-MaACL
Número de control de estantería L-19408
Sublocalización o colección R.124696
Holdings
Estatus retirado Estado de pérdida Estado de daño No para préstamo Biblioteca de origen Biblioteca actual Ubicación en estantería Fecha de adquisición Fuente de adquisición Total de préstamos Signatura topográfica completa Código de barras Visto por última vez Precio de reemplazo Tipo de ítem Koha
        Biblioteca del Ateneo de Madrid Biblioteca del Ateneo de Madrid Depósito 2 17/01/2008     L-19408 1012370 23/02/2023 23/02/2023 Libro impreso